000 00596nam a2200181 i 4500
001 134556
003 ES-MaACL
005 20230906194711.0
007 t|
008 070911s1946 xxk ||||1| eng d
100 1 _aWhittaker, E. T.
_9116716
245 1 2 _aA course of modern analysis
_b: an introduction to the general theory of infinite processe and... /
_cby E. T. Whittaker and G. N. Watson.
250 _a4th ed., repr.
260 _aCambridge :
_bThe University Press,
_c1946.
300 _a608 p. ;
_c27 cm.
700 1 _aWatson, G. N.
_9116184
852 _aES-MaACL
_jC-4314
_bR.24241
999 _c134556
_d134556